00988nam a2200265 a 450000100060000000300080000600500170001400800410003103500190007204000320009104100080012308200220013110000340015324501060018726000500029330000250034349000360036850000200040450400310042465100440045583000440049994200120054399900170055595201500057264045BD-RjUL20211209081251.0170208s1968 ii b 001 0 eng d a(BD-RjUL)64175 aDLCcDLCdDLCdBD-RjULbeng aeng 223a954bSHC 19681 aSherwani, Haroon Khan919023010aCultural trends in medieval India :barchitecture, painting, literature & language /cH. K. Sherwani. aBombay ;aNew York :bAsia Pub. House,cc1968 avi, 111 p. ;c23 cm. aHeras memorial lectures ;v1965 aIncludes index. aBibliographical footnotes. 0aIndiaxCivilizationy1200-1765.9190231 aHeras memorial lectures ;v19659190233 2ddccBK c64045d64045 00102ddc40718NFICaRUCLbRUCLcReadingd1974-07-08eIndia International, kolikata.l0o954 SHC 1968r2017-02-08 00:00:00tC-1w2017-02-08yBK